00225nam a22000857a 4500020001700000050001600017082001600033245003600049260005400085 a978143053675 aSWA JF WASI aSWA JF WASI aWasindiswa sicatfulo sasendlini aAlberton North : South AfricabLectio Publishers